[Event "Catalunya-ch Seniors 30th"]
[Site "Barcelona"]
[Date "2014.05.17"]
[Round "1"]
[White "Fabre Massana, Miquel"]
[Black "Palle Frowd, Carles"]
[Result "1-0"]
[WhiteElo "2227"]
[BlackElo "1987"]
[PlyCount "123"]
[EventDate "2014.05.17"]
[EventType "swiss"]
[EventRounds "9"]
[EventCountry "ESP"]
[SourceTitle "CBM 160 Extra"]
[Source "ChessBase"]
[SourceDate "2014.07.01"]
[SourceVersion "1"]
[SourceVersionDate "2014.07.01"]
[SourceQuality "1"]

1. e4 c5 2. Nf3 d6 3. c3 g6 4. d4 cxd4 5. cxd4 Bg7 6. Nc3 Nf6 7. Be2 0-0 8. 0-0 a6 9. h3 b5 10. a3 Bb7 11. Qd3 Nc6 12. Be3 Rc8 13. b4 Nd7 14. Rac1 Nb6 15. Nd2 Nd7 16. f4 e5 17. Nf3 Ne7 18. Rfd1 exf4 19. Bxf4 Nb6 20. Nd2 d5 21. exd5 Nexd5 22. Nxd5 Qxd5 23. Nf3 Rc4 24. Qe3 Rcc8 25. Rc5 Qd8 26. Qd2 Re8 27. Ne5 f6 28. Nf3 Nd5 29. Bf1 Nxf4 30. Qxf4 Qd7 31. Rdc1 Bxf3 32. gxf3 f5 33. d5 Be5 34. Qd2 Rcd8 35. Rc6 Qa7+ 36. Kg2 Qb8 37. R1c2 Bf4 38. Qd3 Qe5 39. Re2 Be3 40. d6 f4 41. Kh1 Qe6 42. Rxa6 Rd7 43. Qxb5 Red8 44. Re1 Kf8 45. Rd1 Qa2 46. Qe2 Qe6 47. Qb2 Qg8 48. Qf6+ Qf7 49. Qh8+ Qg8 50. Qxg8+ Kxg8 51. Bb5 Ra7 52. a4 Kg7 53. Rxa7+ Bxa7 54. a5 Bb8 55. d7 Kf6 56. Bc6 Bc7 57. Ra1 Ke7 58. b5 Kd6 59. Rd1+ Kc5 60. Rc1+ Kb4 61. b6 Bb8 62. a6 1-0